Top Shelf Sitcom Sidekicks - Statistics

General Stats
  • This quiz has been taken 7 times
  • The average score is 7 of 16
Answer Stats
Picture Answer % Correct
Winston
83%
April
67%
Gina
67%
Ava
50%
Gary
50%
Janet
50%
Karen
50%
Mateo
50%
Mona Lisa
50%
Artemis
33%
Billy
33%
Lincoln
33%
Steve Holt
33%
Connie
17%
Constance
17%
Tim
17%
No matching quizzes found
Score Distribution
Percent of People with Each Score
Percentile by Number Answered
Your Score History
You have not taken this quiz